[Event "Titled Tuesday intern op 02nd Apr Late"]
[Site "Chess.com INT"]
[Date "2024.04.02"]
[Round "7"]
[White "Adewumi, Tanitoluwa"]
[Black "Rogov, Matfey"]
[Result "1-0"]
[WhiteElo "2351"]
[BlackElo "2191"]
[PlyCount "117"]
[EventDate "2024.04.02"]
[EventType "swiss (blitz)"]
[EventRounds "11"]
[EventCountry "USA"]
[SourceTitle "CB15_2024"]
[SourceDate "2024.04.10"]
[SourceVersion "1"]
[SourceVersionDate "2024.04.10"]
[SourceQuality "1"]

1. e4 c5 2. Nf3 Nc6 3. Bb5 g6 4. Bxc6 dxc6 5. d3 Bg7 6. h3 Nf6 7. Nc3 0-0 8. Be3 b6 9. Qd2 Re8 10. Bh6 Bh8 11. 0-0 e5 12. Qg5 Nd7 13. Qg3 Bg7 14. Bxg7 Kxg7 15. Nh2 Nf6 16. Ne2 Qd6 17. Qh4 h6 18. f4 exf4 19. Nxf4 c4 20. Rf2 cxd3 21. cxd3 Qc5 22. Nxg6 Qg5 23. Raf1 fxg6 24. Qxg5 hxg5 25. Rxf6 Be6 26. e5 Rad8 27. Nf3 Bf5 28. d4 c5 29. g4 Bd3 30. Rf2 cxd4 31. Nxg5 Bc4 32. e6 d3 33. Rf7+ Kg8 34. R2f6 Rxe6 35. Nxe6 Bxe6 36. Rf8+ Rxf8 37. Rxe6 Rd8 38. Re1 Kf7 39. Kf2 Kf6 40. h4 Rd4 41. Kf3 d2 42. Rd1 a5 43. b3 Ke5 44. h5 Rf4+ 45. Kg3 gxh5 46. gxh5 Rd4 47. Kf3 Kf5 48. Ke3 Re4+ 49. Kxd2 Rh4 50. Kc3 Rxh5 51. Rd5+ Kg4 52. Rxh5 Kxh5 53. Kc4 Kg6 54. Kb5 Kf7 55. Kxb6 a4 56. bxa4 Ke8 57. a5 Kd8 58. a6 Kc8 59. a7 1-0

[Event "Titled Tuesday intern op 02nd Apr Late"]
[Site "Chess.com INT"]
[Date "2024.04.02"]
[Round "3"]
[White "Adewumi, Tanitoluwa"]
[Black "Skaric, Djuro"]
[Result "0-1"]
[WhiteElo "2351"]
[BlackElo "2297"]
[PlyCount "68"]
[EventDate "2024.04.02"]
[EventType "swiss (blitz)"]
[EventRounds "11"]
[EventCountry "USA"]
[SourceTitle "CB15_2024"]
[SourceDate "2024.04.10"]
[SourceVersion "1"]
[SourceVersionDate "2024.04.10"]
[SourceQuality "1"]

1. e4 e5 2. Nf3 Nc6 3. Bc4 Nf6 4. d3 Be7 5. c3 0-0 6. Bg5 d6 7. 0-0 h6 8. Be3 Be6 9. Nbd2 Nd7 10. Bxe6 fxe6 11. Qb3 Nf6 12. Qxe6+ Kh7 13. Qh3 Qd7 14. Ng5+ Kg8 15. Qxd7 Nxd7 16. Ne6 Rfc8 17. f4 exf4 18. Nxf4 Bg5 19. Rad1 Nde5 20. Nf3 Nxf3+ 21. gxf3 Rf8 22. Nd5 Bxe3+ 23. Nxe3 Ne5 24. f4 Ng6 25. f5 Ne5 26. d4 Nd7 27. Rde1 Rae8 28. Nd5 Nf6 29. Nxc7 Rxe4 30. Nb5 d5 31. Rxe4 Nxe4 32. Nc7 Rd8 33. Ne6 Rd6 34. Nf4 Rb6 0-1

[Event "Titled Tuesday intern op 02nd Apr Late"]
[Site "Chess.com INT"]
[Date "2024.04.02"]
[Round "1"]
[White "Adewumi, Tanitoluwa"]
[Black "Zeneli, Klendi"]
[Result "1-0"]
[WhiteElo "2351"]
[BlackElo "2156"]
[PlyCount "85"]
[EventDate "2024.04.02"]
[EventType "swiss (blitz)"]
[EventRounds "11"]
[EventCountry "USA"]
[SourceTitle "CB15_2024"]
[SourceDate "2024.04.10"]
[SourceVersion "1"]
[SourceVersionDate "2024.04.10"]
[SourceQuality "1"]

1. e4 e5 2. Nf3 Nc6 3. Nc3 Nf6 4. Bb5 Bb4 5. 0-0 0-0 6. Bxc6 dxc6 7. d3 Nd7 8. Ne2 f6 9. Be3 Rf7 10. a3 Bf8 11. Ng3 Nc5 12. b3 Ne6 13. Qd2 c5 14. b4 c4 15. dxc4 Qe8 16. Rfd1 Qa4 17. Qc3 c5 18. bxc5 Bd7 19. Rab1 Bc6 20. Rd5 Rc7 21. Qb4 Qxc2 22. Rd2 Qa4 23. Nf5 a5 24. Qxa4 Bxa4 25. Nd6 Nxc5 26. Bxc5 Rxc5 27. Nxb7 Rxc4 28. Nd6 Rc2 29. Rxc2 Bxc2 30. Rc1 Bxd6 31. Rxc2 Bxa3 32. Nd2 Bb4 33. Nc4 Rc8 34. Ne3 Ra8 35. Ra2 a4 36. Kf1 a3 37. Ke2 Rd8 38. f3 Rc8 39. Nc2 Bc5 40. Kd3 Rb8 41. Kc3 Bd6 42. Nxa3 Rc8+ 43. Nc4 1-0

[Event "Titled Tuesday intern op 02nd Apr Late"]
[Site "Chess.com INT"]
[Date "2024.04.02"]
[Round "8"]
[White "Palencia Morales, Wilson Guillermo"]
[Black "Adewumi, Tanitoluwa"]
[Result "1-0"]
[WhiteElo "2188"]
[BlackElo "2351"]
[PlyCount "95"]
[EventDate "2024.04.02"]
[EventType "swiss (blitz)"]
[EventRounds "11"]
[EventCountry "USA"]
[SourceTitle "CB15_2024"]
[SourceDate "2024.04.10"]
[SourceVersion "1"]
[SourceVersionDate "2024.04.10"]
[SourceQuality "1"]

1. d4 Nf6 2. c4 e6 3. Nf3 b6 4. g3 Ba6 5. Qc2 Bb7 6. Bg2 c5 7. d5 exd5 8. cxd5 Nxd5 9. 0-0 Be7 10. Rd1 Nc6 11. a3 Nf6 12. e4 0-0 13. e5 Ne8 14. Nc3 Nc7 15. Be3 Ne6 16. Rd2 Ncd4 17. Nxd4 cxd4 18. Bxd4 Bxg2 19. Kxg2 Qc7 20. Qe4 Qc6 21. Be3 f5 22. exf6 Bxf6 23. Nd5 Rae8 24. Rad1 Bg5 25. Qc2 Qa8 26. f4 Be7 27. Kg1 Bc5 28. Bxc5 bxc5 29. Qc4 Kh8 30. Rf1 Rf5 31. Ne3 Rf7 32. h4 Rff8 33. Qd5 Qb8 34. Nc4 Qb3 35. Rd3 Qc2 36. Rf2 Qb1+ 37. Rf1 Qa2 38. Rf2 Nd4 39. Kg2 Qb1 40. Ne5 Rxe5 41. fxe5 Rxf2+ 42. Kxf2 Qc2+ 43. Ke3 Qe2+ 44. Kf4 Ne6+ 45. Qxe6 Qf2+ 46. Rf3 Qd4+ 47. Kg5 Qd2+ 48. Kg4 1-0

[Event "Titled Tuesday intern op 12th Mar Early"]
[Site "Chess.com INT"]
[Date "2024.03.12"]
[Round "11"]
[White "Adewumi, Tanitoluwa"]
[Black "Shimanov, Aleksandr"]
[Result "0-1"]
[WhiteElo "2351"]
[BlackElo "2578"]
[PlyCount "98"]
[EventDate "2024.03.12"]
[EventType "swiss (blitz)"]
[EventRounds "11"]
[EventCountry "USA"]
[SourceTitle "CB12_2024"]
[SourceDate "2023.10.01"]
[SourceVersion "1"]
[SourceVersionDate "2023.10.01"]
[SourceQuality "1"]

1. e4 b6 2. d4 Bb7 3. Bd3 e6 4. Nf3 Nf6 5. Qe2 d5 6. e5 Nfd7 7. 0-0 c5 8. c3 Be7 9. Be3 Nc6 10. Nbd2 g5 11. h3 h5 12. a3 Rg8 13. Nh2 Rh8 14. f4 gxf4 15. Rxf4 Bg5 16. Rf2 Bh4 17. Rf4 Bg5 18. Rf3 Qe7 19. Raf1 Rf8 20. R3f2 0-0-0 21. Nhf3 Bxe3 22. Qxe3 f6 23. exf6 Rxf6 24. Ng5 Rxf2 25. Rxf2 e5 26. Rf7 Qd6 27. Bf5 exd4 28. cxd4 Nxd4 29. Bxd7+ Rxd7 30. Qe8+ Rd8 31. Qe3 Nc6 32. Rg7 d4 33. Qf2 Ne5 34. Nde4 Qd5 35. Qf5+ Kb8 36. Re7 Nc4 37. Qf4+ Ka8 38. Ne6 Rc8 39. Nc7+ Rxc7 40. Qxc7 a5 41. Re8+ Ka7 42. Re7 d3 43. Rg7 d2 44. Nxd2 Nxd2 45. b4 cxb4 46. axb4 a4 47. b5 a3 48. Qc3 Nc4 49. Rc7 Qxg2# 0-1

[Event "Titled Tuesday intern op 12th Mar Late"]
[Site "Chess.com INT"]
[Date "2024.03.12"]
[Round "2"]
[White "Al Tarbosh, Ward"]
[Black "Adewumi, Tanitoluwa"]
[Result "1-0"]
[WhiteElo "2277"]
[BlackElo "2351"]
[PlyCount "63"]
[EventDate "2024.03.12"]
[EventType "swiss (blitz)"]
[EventRounds "11"]
[EventCountry "USA"]
[SourceTitle "CB12_2024"]
[SourceDate "2023.10.01"]
[SourceVersion "1"]
[SourceVersionDate "2023.10.01"]
[SourceQuality "1"]

1. e4 c5 2. Nf3 e6 3. d4 cxd4 4. Nxd4 Nf6 5. Nc3 Nc6 6. Bf4 d6 7. Ndb5 e5 8. Bg5 a6 9. Na3 b5 10. Nd5 Be7 11. Bxf6 Bxf6 12. c3 Rb8 13. Nc2 Bg5 14. a4 bxa4 15. Ncb4 Nxb4 16. cxb4 0-0 17. Rxa4 a5 18. b5 Bd7 19. Nc3 d5 20. exd5 e4 21. Rxe4 f5 22. Rd4 Bf6 23. Rd2 Re8+ 24. Be2 a4 25. Nxa4 Bxb5 26. 0-0 Rxe2 27. Rxe2 Bxe2 28. Qxe2 Qxd5 29. Re1 Qb3 30. Nc5 Qxb2 31. Qe6+ Kh8 32. Qe8+ 1-0

[Event "Titled Tuesday intern op 12th Mar Early"]
[Site "Chess.com INT"]
[Date "2024.03.12"]
[Round "9"]
[White "Bilic, Vladimir"]
[Black "Adewumi, Tanitoluwa"]
[Result "0-1"]
[WhiteElo "2336"]
[BlackElo "2351"]
[PlyCount "56"]
[EventDate "2024.03.12"]
[EventType "swiss (blitz)"]
[EventRounds "11"]
[EventCountry "USA"]
[SourceTitle "CB12_2024"]
[SourceDate "2023.10.01"]
[SourceVersion "1"]
[SourceVersionDate "2023.10.01"]
[SourceQuality "1"]

1. e4 c5 2. Nf3 e6 3. b3 Nc6 4. Bb2 d5 5. exd5 exd5 6. Bb5 Nf6 7. 0-0 Bd6 8. Re1+ Be6 9. Ne5 Rc8 10. Nxc6 bxc6 11. Bf1 0-0 12. Nc3 Bxh2+ 13. Kxh2 Ng4+ 14. Kg3 Qg5 15. f4 Qh6 16. Rxe6 Qh2+ 17. Kxg4 fxe6 18. Ne2 Rf5 19. Ng3 h5+ 20. Nxh5 Rxh5 21. g3 Rf8 22. Kf3 e5 23. Bg2 exf4 24. Qg1 Qxg3+ 25. Ke2 f3+ 26. Kd1 fxg2 27. Be5 Rf1+ 28. Ke2 Qf3# 0-1

[Event "Titled Tuesday intern op 12th Mar Early"]
[Site "Chess.com INT"]
[Date "2024.03.12"]
[Round "6"]
[White "Kashefi, Amir Hossein"]
[Black "Adewumi, Tanitoluwa"]
[Result "0-1"]
[WhiteElo "2193"]
[BlackElo "2351"]
[PlyCount "68"]
[EventDate "2024.03.12"]
[EventType "swiss (blitz)"]
[EventRounds "11"]
[EventCountry "USA"]
[SourceTitle "CB12_2024"]
[SourceDate "2023.10.01"]
[SourceVersion "1"]
[SourceVersionDate "2023.10.01"]
[SourceQuality "1"]

1. d4 Nf6 2. Nf3 e6 3. g3 b5 4. Bg2 Bb7 5. 0-0 c5 6. Bg5 h6 7. Bxf6 Qxf6 8. Nc3 a6 9. d5 b4 10. Ne4 Qxb2 11. c4 f5 12. Ned2 Be7 13. Rb1 Qf6 14. e4 0-0 15. e5 Qf7 16. d6 Bd8 17. Nb3 Bb6 18. Ng5 hxg5 19. Bxb7 Ra7 20. Bg2 a5 21. a4 g4 22. f4 gxf3 23. Bxf3 Bd8 24. Qe2 Na6 25. Rbd1 Qg6 26. Bh5 Qh6 27. Kh1 g6 28. Bf3 Kg7 29. Qg2 Rh8 30. Rf2 Qe3 31. Re2 Qxb3 32. Rg1 Qxc4 33. g4 f4 34. Be4 Qd4 0-1

[Event "Titled Tuesday intern op 13th Feb Late"]
[Site "Chess.com INT"]
[Date "2024.02.13"]
[Round "7"]
[White "Adewumi, Tanitoluwa"]
[Black "Banerjee, Supratit"]
[Result "1-0"]
[WhiteElo "2280"]
[BlackElo "2137"]
[PlyCount "155"]
[EventDate "2024.02.13"]
[EventType "swiss (blitz)"]
[EventRounds "11"]
[EventCountry "USA"]
[SourceTitle "CB08_2024"]
[SourceDate "2024.02.21"]
[SourceVersion "1"]
[SourceVersionDate "2024.02.21"]
[SourceQuality "1"]

1. Nf3 d5 2. b3 c5 3. e3 Nc6 4. Bb2 Nf6 5. Bb5 Bd7 6. Bxc6 bxc6 7. d3 e6 8. Ne5 Bd6 9. Nd2 0-0 10. f4 a5 11. a4 Rb8 12. 0-0 Be8 13. Rf3 c4 14. Rh3 cxd3 15. cxd3 Qb6 16. Ng4 Nxg4 17. Qxg4 e5 18. fxe5 Bc5 19. Kf2 Qb4 20. Qxb4 Bxb4 21. Nf3 Be7 22. Nd4 Bd7 23. Rf3 c5 24. Ba3 Rfe8 25. Nf5 Bxf5 26. Rxf5 Rxb3 27. Ke2 Bf8 28. Kd2 Reb8 29. Kc2 g6 30. Rf3 c4 31. Bxf8 Kxf8 32. dxc4 dxc4 33. Raf1 R8b7 34. e6 f5 35. g4 Rb2+ 36. Kc3 R2b3+ 37. Kc2 Rb2+ 38. Kc3 R2b3+ 39. Kxc4 R3b4+ 40. Kc5 Ke7 41. gxf5 gxf5 42. Rxf5 Kxe6 43. Rf6+ Ke5 44. R1f5+ Ke4 45. Rf4+ Kxe3 46. Rxb4 axb4 47. a5 b3 48. a6 b2 49. axb7 b1Q 50. Rb6 Qc2+ 51. Kd6 Qg6+ 52. Kc7 Qf7+ 53. Kc6 Qe6+ 54. Kb5 Qd5+ 55. Ka6 Qc4+ 56. Ka7 Qa2+ 57. Ra6 Qxh2 58. b8Q Qxb8+ 59. Kxb8 Kf4 60. Rh6 Kg5 61. Rxh7 Kf5 62. Rd7 Ke5 63. Rd1 Ke4 64. Kc7 Ke3 65. Kc6 Ke2 66. Rd5 Ke3 67. Kc5 Ke4 68. Kc4 Ke3 69. Rd4 Kf3 70. Kd5 Ke3 71. Ke5 Kf3 72. Re4 Kg3 73. Rf4 Kg2 74. Ke4 Kg3 75. Ke3 Kg2 76. Rf3 Kh2 77. Kf2 Kh1 78. Rh3# 1-0

[Event "Titled Tuesday intern op 13th Feb Late"]
[Site "Chess.com INT"]
[Date "2024.02.13"]
[Round "4"]
[White "Bornholdt, Joa Max"]
[Black "Adewumi, Tanitoluwa"]
[Result "0-1"]
[WhiteElo "2268"]
[BlackElo "2280"]
[PlyCount "124"]
[EventDate "2024.02.13"]
[EventType "swiss (blitz)"]
[EventRounds "11"]
[EventCountry "USA"]
[SourceTitle "CB08_2024"]
[SourceDate "2024.02.21"]
[SourceVersion "1"]
[SourceVersionDate "2024.02.21"]
[SourceQuality "1"]

1. e4 c5 2. Nf3 e6 3. d4 cxd4 4. Nxd4 Nf6 5. Nc3 Nc6 6. a3 d6 7. Be2 Be7 8. 0-0 0-0 9. Nb3 a6 10. Be3 Bd7 11. Kh1 Rc8 12. f4 Na5 13. Nxa5 Qxa5 14. Bf3 Bc6 15. Qd3 Rfd8 16. Rad1 h6 17. g4 d5 18. e5 d4 19. Bxd4 Nxg4 20. Bxc6 Rxc6 21. Qg3 h5 22. Rg1 g6 23. Rg2 Rc4 24. Rgd2 Qc7 25. Qg1 Qc6+ 26. Qg2 Qxg2+ 27. Kxg2 Rcxd4 28. Rxd4 Ne3+ 29. Kf3 Nxd1 30. Rxd8+ Bxd8 31. Nxd1 Kf8 32. Ke4 Ke7 33. c4 Kd7 34. b4 Kc6 35. Nc3 Be7 36. Kd4 b6 37. Ne4 Bf8 38. Ng5 Bh6 39. h4 Kd7 40. Ke4 Ke8 41. c5 bxc5 42. bxc5 Bf8 43. Kd4 Kd7 44. Ne4 Be7 45. Nd6 Bxh4 46. Nxf7 Be7 47. Nd6 h4 48. Ne4 Kc6 49. a4 h3 50. Kc4 h2 51. Ng3 Bxc5 52. Nh1 Be3 53. Kd3 Bxf4 54. Ke4 g5 55. Nf2 Kc5 56. Kf3 Kb4 57. Kg2 Kxa4 58. Nd3 Kb3 59. Nxf4 gxf4 60. Kh1 a5 61. Kg2 a4 62. Kxh2 a3 0-1

[Event "Titled Tuesday intern op 06th Feb Late"]
[Site "Chess.com INT"]
[Date "2024.02.06"]
[Round "4"]
[White "Adewumi, Tanitoluwa"]
[Black "Xiong, Jeffery"]
[Result "0-1"]
[WhiteElo "2280"]
[BlackElo "2659"]
[PlyCount "52"]
[EventDate "2024.02.06"]
[EventType "swiss (blitz)"]
[EventRounds "11"]
[EventCountry "USA"]
[SourceTitle "CB07_2024"]
[SourceDate "2024.02.14"]
[SourceVersion "1"]
[SourceVersionDate "2024.02.14"]
[SourceQuality "1"]

1. e4 e6 2. d4 d5 3. exd5 exd5 4. Nf3 Nc6 5. Nc3 Bb4 6. Bb5 Nge7 7. 0-0 0-0 8. h3 Bxc3 9. bxc3 a6 10. Bd3 Bf5 11. a4 Re8 12. Rb1 b6 13. Re1 Qd7 14. Bf4 Bxd3 15. cxd3 Ng6 16. Bg3 Rxe1+ 17. Nxe1 Re8 18. Nc2 f5 19. Qf3 f4 20. Bh2 Qf5 21. Ne3 Qxd3 22. Qxd5+ Kh8 23. Ra1 fxe3 24. Qxc6 exf2+ 25. Kxf2 Qe3+ 26. Kf1 Rf8+ 0-1

[Event "Titled Tuesday intern op 06th Feb Late"]
[Site "Chess.com INT"]
[Date "2024.02.06"]
[Round "5"]
[White "Shohat, Yotam"]
[Black "Adewumi, Tanitoluwa"]
[Result "1-0"]
[WhiteElo "2369"]
[BlackElo "2280"]
[PlyCount "101"]
[EventDate "2024.02.06"]
[EventType "swiss (blitz)"]
[EventRounds "11"]
[EventCountry "USA"]
[SourceTitle "CB07_2024"]
[SourceDate "2024.02.14"]
[SourceVersion "1"]
[SourceVersionDate "2024.02.14"]
[SourceQuality "1"]

1. e4 c5 2. Nf3 e6 3. d3 Nc6 4. g3 d5 5. Nbd2 Nf6 6. Bg2 Be7 7. 0-0 Qc7 8. Re1 b6 9. c3 Bb7 10. Qe2 0-0-0 11. a3 Kb8 12. b4 Ka8 13. Rb1 Rhe8 14. bxc5 Bxc5 15. d4 Be7 16. exd5 exd5 17. Qd3 Bd6 18. Bb2 Na5 19. Ne5 Bxe5 20. dxe5 Rxe5 21. Rxe5 Qxe5 22. c4 Qd6 23. Bxf6 gxf6 24. cxd5 Bxd5 25. Ne4 Qc7 26. Rd1 Nb7 27. Qf3 Bc6 28. Rxd8+ Qxd8 29. h4 Qd5 30. Qxf6 Qd1+ 31. Kh2 Bd5 32. Qh8+ Nd8 33. Qxd8+ Kb7 34. Nc3 Qd2 35. Qxd5+ Qxd5 36. Nxd5 a5 37. Nf6+ Kc7 38. Nxh7 b5 39. Ng5 b4 40. axb4 a4 41. Bd5 a3 42. Ba2 Kd6 43. Nxf7+ Ke7 44. h5 Kf6 45. h6 Kg6 46. b5 Kh7 47. b6 Kg6 48. b7 Kh7 49. b8Q Kg6 50. Qg8+ Kh5 51. Qg5# 1-0

[Event "Titled Tuesday intern op 23rd Jan Late"]
[Site "Chess.com INT"]
[Date "2024.01.23"]
[Round "1"]
[White "Adewumi, Tanitoluwa"]
[Black "Urbina Perez, Juan Antonio"]
[Result "1-0"]
[WhiteElo "2280"]
[BlackElo "2266"]
[PlyCount "81"]
[EventDate "2024.01.23"]
[EventType "swiss (blitz)"]
[EventRounds "11"]
[EventCountry "USA"]
[SourceTitle "CB05_2024"]
[SourceDate "2024.01.31"]
[SourceVersion "1"]
[SourceVersionDate "2024.01.31"]
[SourceQuality "1"]

1. e4 e5 2. Nf3 Nf6 3. Nc3 Nc6 4. Bb5 Bc5 5. Bxc6 dxc6 6. d3 h6 7. 0-0 Bd6 8. h3 Be6 9. Be3 c5 10. Nd2 Qd7 11. Nc4 0-0-0 12. a4 g5 13. a5 a6 14. Qf3 Qe7 15. Qe2 Rdg8 16. b4 cxb4 17. Nxd6+ Qxd6 18. Na4 g4 19. h4 g3 20. f4 Bg4 21. Qe1 Nh5 22. fxe5 Qxe5 23. Nc5 Qc3 24. Qxc3 bxc3 25. Rxf7 Rg7 26. Rxg7 Nxg7 27. Bd4 Rg8 28. Bxc3 Ne6 29. Nxe6 Bxe6 30. Rf1 Kd7 31. Rf6 h5 32. Be5 Rg4 33. Rh6 c5 34. Rxh5 Rg6 35. Rh7+ Kc6 36. c4 Bd7 37. h5 Rg8 38. h6 Rd8 39. Re7 Re8 40. Rxe8 Bxe8 41. h7 1-0

[Event "Titled Tuesday intern op 23rd Jan Late"]
[Site "Chess.com INT"]
[Date "2024.01.23"]
[Round "9"]
[White "Novik, Maxim"]
[Black "Adewumi, Tanitoluwa"]
[Result "0-1"]
[WhiteElo "2399"]
[BlackElo "2280"]
[PlyCount "96"]
[EventDate "2024.01.23"]
[EventType "swiss (blitz)"]
[EventRounds "11"]
[EventCountry "USA"]
[SourceTitle "CB05_2024"]
[SourceDate "2024.01.31"]
[SourceVersion "1"]
[SourceVersionDate "2024.01.31"]
[SourceQuality "1"]

1. e4 c5 2. Nf3 e6 3. c3 Nf6 4. e5 Nd5 5. d4 cxd4 6. cxd4 Nc6 7. Nc3 d6 8. exd6 Bxd6 9. Bd3 0-0 10. 0-0 Nxc3 11. bxc3 e5 12. dxe5 Nxe5 13. Nxe5 Bxe5 14. Bxh7+ Kxh7 15. Qh5+ Kg8 16. Qxe5 Be6 17. Be3 Re8 18. Bd4 f6 19. Qg3 b6 20. Rfe1 Rc8 21. Re3 Kf7 22. Rae1 Qd7 23. h4 Qd5 24. R1e2 Re7 25. f3 Rh8 26. Qf4 Rhe8 27. g4 Bd7 28. Rxe7+ Rxe7 29. Rxe7+ Kxe7 30. h5 Bc6 31. Kf2 Qxa2+ 32. Kg3 Qe6 33. h6 gxh6 34. Qxh6 Qd6+ 35. Kf2 Bd5 36. f4 Bf7 37. Kg3 Qe6 38. Qh8 Qe1+ 39. Bf2 Qxc3+ 40. Kh2 Qf3 41. Bg3 Qxg4 42. Qb8 Qh5+ 43. Kg1 Qd1+ 44. Kh2 Bd5 45. Qc7+ Ke6 46. f5+ Kxf5 47. Qf4+ Kg6 48. Qg4+ Qxg4 0-1

[Event "Titled Tuesday intern op 23rd Jan Late"]
[Site "Chess.com INT"]
[Date "2024.01.23"]
[Round "4"]
[White "Yang, Kaiqi"]
[Black "Adewumi, Tanitoluwa"]
[Result "1-0"]
[WhiteElo "2481"]
[BlackElo "2280"]
[PlyCount "59"]
[EventDate "2024.01.23"]
[EventType "swiss (blitz)"]
[EventRounds "11"]
[EventCountry "USA"]
[SourceTitle "CB05_2024"]
[SourceDate "2024.01.31"]
[SourceVersion "1"]
[SourceVersionDate "2024.01.31"]
[SourceQuality "1"]

1. d4 Nf6 2. c4 e6 3. Nf3 b6 4. a3 Bb7 5. Nc3 Be7 6. Qc2 d5 7. cxd5 Nxd5 8. e4 Nxc3 9. bxc3 0-0 10. Bd3 c5 11. Qe2 cxd4 12. cxd4 Nc6 13. Bb2 Bf6 14. e5 Be7 15. h4 h6 16. Qe4 g6 17. Qg4 h5 18. Qf4 Na5 19. Qh6 Qd7 20. Bxg6 fxg6 21. Qxg6+ Kh8 22. Qh6+ Kg8 23. Rh3 Rf5 24. Rg3+ Bg5 25. Nxg5 Qg7 26. Nxe6 Qxg3 27. fxg3 Kf7 28. Ng5+ Ke7 29. Qh7+ Kd8 30. Qxf5 1-0

[Event "New York 1000 GM Winter GM-B"]
[Site "New York"]
[Date "2024.01.15"]
[Round "8"]
[White "Adewumi, Tanitoluwa"]
[Black "Nagy, Gabor"]
[Result "1/2-1/2"]
[WhiteElo "2280"]
[BlackElo "2450"]
[PlyCount "43"]
[EventDate "2024.01.11"]
[EventType "tourn"]
[EventRounds "9"]
[EventCountry "USA"]
[EventCategory "6"]
[SourceTitle "CB04_2024"]
[SourceDate "2023.10.16"]
[SourceVersion "1"]
[SourceVersionDate "2023.10.16"]
[SourceQuality "1"]

1. d4 Nf6 2. c4 e6 3. Nf3 b6 4. g3 Bb7 5. Bg2 Bb4+ 6. Bd2 c5 7. Bxb4 cxb4 8. Qd3 0-0 9. Nbd2 d6 10. e4 Qc7 11. 0-0 e5 12. a3 bxa3 13. Rxa3 a5 14. Rc3 Na6 15. Qe3 Rfe8 16. h3 Rad8 17. Re1 h6 18. Nh4 Bc8 19. Nhf3 Bb7 20. Nh4 Bc8 21. Nhf3 Bb7 22. Nh4 1/2-1/2

[Event "New York 1000 GM Winter GM-B"]
[Site "New York"]
[Date "2024.01.14"]
[Round "7"]
[White "Nakada, Akira W"]
[Black "Adewumi, Tanitoluwa"]
[Result "1-0"]
[WhiteElo "2374"]
[BlackElo "2280"]
[PlyCount "106"]
[EventDate "2024.01.11"]
[EventType "tourn"]
[EventRounds "9"]
[EventCountry "USA"]
[EventCategory "6"]
[SourceTitle "CB04_2024"]
[SourceDate "2023.10.16"]
[SourceVersion "1"]
[SourceVersionDate "2023.10.16"]
[SourceQuality "1"]

1. Nf3 d5 2. d4 Nf6 3. c4 e6 4. Nc3 Bb4 5. Qa4+ Nc6 6. e3 0-0 7. Qc2 dxc4 8. Bxc4 Bd6 9. 0-0 e5 10. h3 Qe7 11. a3 h6 12. b4 e4 13. Nd2 Bf5 14. Nb3 Rae8 15. Nc5 Bc8 16. Bd2 Nd8 17. f3 exf3 18. Rxf3 c6 19. Raf1 Nh7 20. e4 b6 21. Nb3 Be6 22. Bd3 Bxb3 23. Qxb3 Ne6 24. e5 Bb8 25. Be3 Rd8 26. Bxh7+ Kxh7 27. Qb1+ Kg8 28. Qe4 Qd7 29. Ne2 Qd5 30. Qxd5 Rxd5 31. Nf4 Nxf4 32. Rxf4 a5 33. R4f2 axb4 34. axb4 c5 35. dxc5 bxc5 36. Bxc5 Rfd8 37. Rxf7 Bxe5 38. Rf8+ Rxf8 39. Rxf8+ Kh7 40. Rf1 Kg6 41. Rb1 Kf5 42. Bf2 Rb5 43. Bc5 Ke4 44. Kf2 h5 45. Re1+ Kd5 46. Kf3 Rb7 47. Rd1+ Kc4 48. Ke4 Bc3 49. Kf5 Bxb4 50. Bxb4 Rxb4 51. Rd7 Rb5+ 52. Kg6 Rb3 53. Rxg7 h4 1-0